[Event "Vsetin op 41st"]
[Site "Vsetin"]
[Date "2016.07.09"]
[Round "9"]
[White "Hrabovsky, Vladimir"]
[Black "Krejca, Jakub"]
[Result "1/2-1/2"]
[WhiteElo "1953"]
[BlackElo "2075"]
[PlyCount "32"]
[EventDate "2016.07.02"]
[EventType "swiss"]
[EventRounds "9"]
[EventCountry "CZE"]
[SourceTitle "CBM 173 Extra"]
[Source "ChessBase"]
[SourceDate "2016.08.29"]
[SourceVersion "1"]
[SourceVersionDate "2016.08.29"]
[SourceQuality "1"]

1. e4 e6 2. d4 d5 3. Nd2 Nf6 4. e5 Nfd7 5. Bd3 c5 6. c3 Nc6 7. Ne2 b6 8. 0-0 Bb7 9. Nf3 h6 10. Ng3 Qc7 11. Be3 c4 12. Bc2 b5 13. b3 cxb3 14. axb3 a5 15. Bd3 b4 16. c4 Qd8 1/2-1/2

[Event "Vsetin op 41st"]
[Site "Vsetin"]
[Date "2016.07.05"]
[Round "4"]
[White "Hrabovsky, Vladimir"]
[Black "Bosak, Jan"]
[Result "1-0"]
[WhiteElo "1953"]
[BlackElo "2131"]
[PlyCount "105"]
[EventDate "2016.07.02"]
[EventType "swiss"]
[EventRounds "9"]
[EventCountry "CZE"]
[SourceTitle "CBM 173 Extra"]
[Source "ChessBase"]
[SourceDate "2016.08.29"]
[SourceVersion "1"]
[SourceVersionDate "2016.08.29"]
[SourceQuality "1"]

1. e4 e5 2. Nf3 Nc6 3. Bb5 a6 4. Ba4 Nf6 5. 0-0 b5 6. Bb3 Bb7 7. d3 Bc5 8. c3 d6 9. Qe2 h6 10. Be3 0-0 11. Nbd2 Qe7 12. Rfd1 Bxe3 13. Qxe3 Na5 14. Bc2 c5 15. Nf1 Nh5 16. Ng3 Nxg3 17. hxg3 c4 18. d4 Nc6 19. Rd2 Qc7 20. Rad1 Rad8 21. b3 exd4 22. Nxd4 Nxd4 23. Rxd4 cxb3 24. axb3 Rfe8 25. c4 bxc4 26. Rxc4 Qa5 27. Rcd4 Rc8 28. Qd2 Qa2 29. Bd3 Qxd2 30. Rxd2 Rc3 31. Bc4 Rc1+ 32. Kh2 Bxe4 33. Rxd6 a5 34. Rd8 Rxd8 35. Rxd8+ Kh7 36. Bxf7 Rc2 37. Bg8+ Kg6 38. Rf8 Rb2 39. Re8 Bc2 40. Re6+ Kg5 41. Re5+ Kf6 42. Rxa5 Be4 43. Ra7 g6 44. f3 Bd3 45. Bc4 Bxc4 46. bxc4 Rc2 47. Ra6+ Kf5 48. g4+ Kg5 49. Rc6 h5 50. Rc5+ Kh6 51. gxh5 gxh5 52. Rc8 Kg5 53. c5 1-0

[Event "Vsetin op 40th"]
[Site "Vsetin"]
[Date "2015.07.08"]
[Round "6"]
[White "Husek, Martin"]
[Black "Hrabovsky, Vladimir"]
[Result "0-1"]
[WhiteElo "1900"]
[BlackElo "1979"]
[PlyCount "106"]
[EventDate "2015.07.04"]
[EventType "swiss"]
[EventRounds "9"]
[EventCountry "CZE"]
[SourceTitle "CBM 167 Extra"]
[Source "ChessBase"]
[SourceDate "2015.09.14"]
[SourceVersion "1"]
[SourceVersionDate "2015.09.14"]
[SourceQuality "1"]

1. e4 c5 2. Nf3 d6 3. d4 cxd4 4. Nxd4 g6 5. c4 Bg7 6. Nc3 Nc6 7. Be3 Nf6 8. Be2 0-0 9. 0-0 Bd7 10. Nc2 Qa5 11. f3 Rfc8 12. Rb1 Ne5 13. b4 Qd8 14. Na3 Be6 15. Nd5 Bxd5 16. exd5 a5 17. b5 b6 18. f4 Ned7 19. Nc2 Ne4 20. Qe1 Bc3 21. Qd1 Bf6 22. Bd4 Nc3 23. Bxc3 Bxc3 24. Qd3 Bg7 25. Bg4 Nc5 26. Qe3 f5 27. Be2 Ne4 28. Nd4 Bxd4 29. Qxd4 Qc7 30. g4 Qc5 31. Qxc5 Rxc5 32. Rbc1 Rac8 33. Rfd1 Nf6 34. g5 Nxd5 35. Rf1 Ne3 36. Rfe1 e5 37. fxe5 dxe5 38. Bf3 Nxc4 39. Rxc4 Rxc4 40. Bd5+ Kf8 41. Bxc4 Rxc4 42. Rxe5 Kf7 43. Rd5 Ke7 44. Re5+ Kd6 45. Re8 Kc5 46. Re7 Kxb5 47. Rxh7 Rg4+ 48. Kf2 Rxg5 49. Re7 Rg4 50. Re3 a4 51. h3 Rb4 52. Re2 a3 53. Kg3 Rb2 0-1

[Event "Vsetin op 40th"]
[Site "Vsetin"]
[Date "2015.07.06"]
[Round "3"]
[White "Havelka, Ondrej"]
[Black "Hrabovsky, Vladimir"]
[Result "1/2-1/2"]
[WhiteElo "1856"]
[BlackElo "1979"]
[PlyCount "61"]
[EventDate "2015.07.04"]
[EventType "swiss"]
[EventRounds "9"]
[EventCountry "CZE"]
[SourceTitle "CBM 167 Extra"]
[Source "ChessBase"]
[SourceDate "2015.09.14"]
[SourceVersion "1"]
[SourceVersionDate "2015.09.14"]
[SourceQuality "1"]

1. d4 d5 2. c4 e6 3. Nc3 Nf6 4. Bg5 Be7 5. e3 0-0 6. Nf3 h6 7. Bh4 b6 8. Be2 Bb7 9. Bxf6 Bxf6 10. cxd5 exd5 11. b4 c6 12. a4 a5 13. bxa5 bxa5 14. 0-0 Na6 15. Qd2 Nb4 16. Rab1 Qe7 17. Na2 Nxa2 18. Qxa2 Rfb8 19. Rfc1 Qd6 20. Qc2 Bc8 21. Ne1 Bd7 22. Nd3 Bf5 23. g4 Be4 24. f3 Bg6 25. Rxb8+ Rxb8 26. Qxc6 Qxc6 27. Rxc6 Rb3 28. Nc5 Rxe3 29. Rc8+ Kh7 30. Nd7 Rxe2 31. Nf8+ 1/2-1/2

[Event "CZE-chT2F 0910"]
[Site "Czech Republic"]
[Date "2010.03.14"]
[Round "9.4"]
[White "Hrabovsky, Vladimir"]
[Black "Kolar, Stanislav"]
[Result "1/2-1/2"]
[WhiteElo "2039"]
[BlackElo "2114"]
[PlyCount "45"]
[EventDate "2009.10.18"]
[EventType "team-tourn"]
[EventRounds "11"]
[EventCountry "CZE"]
[SourceTitle "EXT 2012"]
[Source "ChessBase"]
[SourceDate "2011.11.24"]
[SourceVersion "1"]
[SourceVersionDate "2011.11.24"]
[SourceQuality "1"]
[WhiteTeam "Vsetin"]
[BlackTeam "Ostrava Mittal II"]
[WhiteTeamCountry "CZE"]
[BlackTeamCountry "CZE"]

1. Nf3 Nf6 2. g3 d5 3. Bg2 Nc6 4. 0-0 e5 5. d3 Bc5 6. Nbd2 0-0 7. e4 d4 8. Nc4 Bg4 9. h3 Bxf3 10. Qxf3 b5 11. Nd2 h6 12. Nb3 Bb6 13. Bd2 a5 14. a4 b4 15. Qe2 Qd6 16. f4 Rae8 17. Qf3 Nd7 18. Kh1 Nd8 19. f5 c5 20. Nc1 Nc6 21. b3 Bd8 22. h4 Bf6 23. Ne2 1/2-1/2

[Event "Piestany op"]
[Site "Piestany"]
[Date "2004.11.18"]
[Round "2"]
[White "Hrabovsky, Vladimir"]
[Black "Frindt, Kornel"]
[Result "0-1"]
[WhiteElo "2049"]
[BlackElo "2189"]
[PlyCount "128"]
[EventDate "2004.11.17"]
[EventType "swiss"]
[EventRounds "7"]
[EventCountry "SVK"]
[SourceTitle "EXT 2006"]
[Source "ChessBase"]
[SourceDate "2005.11.24"]
[SourceVersion "1"]
[SourceVersionDate "2005.11.24"]
[SourceQuality "1"]

1. Nf3 Nf6 2. g3 g6 3. Bg2 Bg7 4. 0-0 0-0 5. c4 c5 6. Nc3 Nc6 7. d3 d5 8. cxd5 Nxd5 9. Bd2 e6 10. Qa4 Bd7 11. Qb3 b6 12. Nxd5 exd5 13. Qxd5 Bxb2 14. Bh6 Bxa1 15. Bxf8 Bf6 16. Bh6 Rc8 17. Ng5 Be8 18. Ne4 Be7 19. Qb3 Nd4 20. Qb2 f5 21. e3 fxe4 22. exd4 Qxd4 23. Qxd4 cxd4 24. Bxe4 Ba3 25. Re1 Bf7 26. Re2 Bc1 27. Bxc1 Rxc1+ 28. Kg2 Kf8 29. Rb2 Ra1 30. Rb4 Rxa2 31. Rxd4 Ke7 32. Kf3 a5 33. Bc6 Rb2 34. Rd7+ Kf6 35. Rd6+ Ke5 36. Rd7 Be8 37. d4+ Kf6 38. Rc7 Bxc6+ 39. Rxc6+ Ke7 40. Rc7+ Kd6 41. Rxh7 a4 42. Rg7 a3 43. Rxg6+ Kd5 44. Rg8 Rb5 45. Rd8+ Kc4 46. Rc8+ Kxd4 47. Rd8+ Kc3 48. Rc8+ Kb2 49. Rd8 Rf5+ 50. Kg2 Rc5 51. Ra8 Ra5 52. Re8 a2 53. Re2+ Kc3 54. Re6 b5 55. h4 a1Q 56. Re3+ Kd4 57. h5 Ra3 58. Re8 Qc1 59. Rd8+ Ke5 60. Re8+ Kf6 61. Rf8+ Kg7 62. Rf5 Qc6+ 63. Kh2 Ra1 64. f3 Qc2+ 0-1

[Event "Dunajska Streda op"]
[Site "Dunajska Streda"]
[Date "1999.06.17"]
[Round "8"]
[White "Hrabovsky, Vladimir"]
[Black "Novak, Vladimir"]
[Result "1-0"]
[WhiteElo "2075"]
[BlackElo "1678"]
[PlyCount "71"]
[EventDate "1999.06.12"]
[EventType "swiss"]
[EventRounds "9"]
[EventCountry "SVK"]
[SourceTitle "EXT 2006"]
[Source "ChessBase"]
[SourceDate "2005.11.24"]
[SourceVersion "1"]
[SourceVersionDate "2005.11.24"]
[SourceQuality "1"]

1. e4 d6 2. d4 g6 3. Be3 Bg7 4. f3 c6 5. Bd3 Nd7 6. Ne2 e5 7. dxe5 Nxe5 8. Nbc3 Qh4+ 9. Ng3 Nh6 10. 0-0 Be6 11. Qd2 Nhg4 12. fxg4 Nxg4 13. h3 Qxg3 14. hxg4 Bxc3 15. bxc3 0-0-0 16. Qf2 Qxg4 17. Bxa7 h5 18. Qe2 Kc7 19. Bd4 Rh7 20. Rab1 Ra8 21. Qxg4 hxg4 22. Rb2 c5 23. Bf6 Rh5 24. Kf2 c4 25. Be2 b5 26. Kg3 b4 27. cxb4 Ra3+ 28. c3 d5 29. Bxg4 Bxg4 30. Kxg4 dxe4 31. b5 e3 32. Kf3 Kb6 33. Bd4+ Ka5 34. Kxe3 f5 35. b6 f4+ 36. Rxf4 1-0

[Event "Dunajska Streda op"]
[Site "Dunajska Streda"]
[Date "1999.06.16"]
[Round "7"]
[White "Rohackova, Veronika"]
[Black "Hrabovsky, Vladimir"]
[Result "1/2-1/2"]
[WhiteElo "1952"]
[BlackElo "2075"]
[PlyCount "60"]
[EventDate "1999.06.12"]
[EventType "swiss"]
[EventRounds "9"]
[EventCountry "SVK"]
[SourceTitle "EXT 2006"]
[Source "ChessBase"]
[SourceDate "2005.11.24"]
[SourceVersion "1"]
[SourceVersionDate "2005.11.24"]
[SourceQuality "1"]

1. e4 c5 2. Nf3 d6 3. d4 cxd4 4. Nxd4 g6 5. Nc3 Bg7 6. Be3 Nc6 7. Qd2 Nf6 8. f3 0-0 9. 0-0-0 Nxd4 10. Bxd4 Be6 11. g4 Qa5 12. Kb1 Rfc8 13. h4 Rxc3 14. Qxc3 Qxa2+ 15. Kc1 Qa1+ 16. Kd2 Qa4 17. e5 dxe5 18. Bxe5 Rd8+ 19. Bd3 Nxg4 20. Ra1 Bh6+ 21. Ke2 Qd7 22. Rxa7 Nxe5 23. Qxe5 Bg7 24. Qb5 Qd6 25. Qg5 Bxb2 26. Rxb7 Bf6 27. Qe3 Qg3 28. Qf2 Qe5+ 29. Qe3 Qg3 30. Qf2 Qe5+ 1/2-1/2

[Event "Dunajska Streda op"]
[Site "Dunajska Streda"]
[Date "1999.06.13"]
[Round "3"]
[White "Borosova, Zuzana"]
[Black "Hrabovsky, Vladimir"]
[Result "0-1"]
[WhiteElo "1806"]
[BlackElo "2075"]
[PlyCount "112"]
[EventDate "1999.06.12"]
[EventType "swiss"]
[EventRounds "9"]
[EventCountry "SVK"]
[SourceTitle "EXT 2006"]
[Source "ChessBase"]
[SourceDate "2005.11.24"]
[SourceVersion "1"]
[SourceVersionDate "2005.11.24"]
[SourceQuality "1"]

1. e4 c5 2. Nf3 d6 3. d4 cxd4 4. Nxd4 g6 5. Nc3 Bg7 6. Be3 Nc6 7. Bc4 Nf6 8. Qd2 Ng4 9. Nde2 Nxe3 10. Qxe3 0-0 11. 0-0-0 Bd7 12. f4 Rc8 13. Bb3 Na5 14. Kb1 Nc4 15. Bxc4 Rxc4 16. Qd3 b5 17. e5 Bf5 18. Qd5 Rc5 19. Qxc5 dxc5 20. Rxd8 Rxd8 21. Kc1 b4 22. Rd1 Rxd1+ 23. Nxd1 f6 24. exf6 Bxf6 25. c3 a5 26. cxb4 axb4 27. b3 e5 28. fxe5 Bxe5 29. g3 Bd3 30. Nf4 Be4 31. Nb2 Bd4 32. Na4 Kf7 33. Ne2 Be3+ 34. Kb2 Ke6 35. a3 Kf5 36. axb4 cxb4 37. h3 Bf3 38. Nc1 Bg2 39. Nd3 Bxh3 40. Nxb4 Kg4 41. Nd5 Bd4+ 42. Kc2 Kxg3 43. b4 Bf5+ 44. Kb3 h5 45. b5 h4 46. Kc4 Ba7 47. b6 Bb8 48. Nc5 h3 49. Ne3 Kf3 50. Nf1 Kf2 51. Na6 Bf4 52. b7 Kxf1 53. Kc5 h2 54. Kb6 h1Q 55. Nc7 Qg1+ 56. Ka6 Bd3+ 0-1

[Event "Prague Cedok op"]
[Site "Prague"]
[Date "1996.??.??"]
[Round "3"]
[White "Hrabovsky, Vladimir"]
[Black "Paulovic, Martin"]
[Result "0-1"]
[WhiteElo "2090"]
[BlackElo "2220"]
[PlyCount "158"]
[EventDate "1996.??.??"]
[EventType "swiss"]
[EventRounds "9"]
[EventCountry "CZE"]
[SourceTitle "EXT 2001"]
[Source "ChessBase"]
[SourceDate "2000.11.22"]
[SourceVersion "1"]
[SourceVersionDate "2000.11.22"]
[SourceQuality "1"]

1. e4 c5 2. Nf3 d6 3. Bb5+ Bd7 4. Bxd7+ Nxd7 5. 0-0 Ngf6 6. Re1 Qc7 7. c3 e5 8. d4 Be7 9. Bg5 0-0 10. Nbd2 Rfe8 11. Nf1 h6 12. Bxf6 Nxf6 13. dxe5 dxe5 14. Qe2 a6 15. Rad1 Rad8 16. c4 Bf8 17. b3 Rxd1 18. Rxd1 Qc6 19. Ng3 g6 20. h3 h5 21. Ng5 h4 22. Nf1 Bh6 23. Nf3 Nxe4 24. Rd3 Nf6 25. Nxh4 e4 26. Rd1 Bg5 27. g3 Qe6 28. Kh2 Kg7 29. Ng2 Rh8 30. h4 Ng4+ 31. Kg1 Bf6 32. Rd5 Bd4 33. Nf4 Qc8 34. Rxd4 cxd4 35. Qxe4 Qd7 36. Nd5 Re8 37. Qxd4+ f6 38. Nfe3 Ne5 39. Kg2 Qc6 40. Qf4 b5 41. Qd4 bxc4 42. bxc4 Rd8 43. Qa7+ Rd7 44. Qb6 Qxb6 45. Nxb6 Rd2 46. a4 Kf7 47. g4 Nd3 48. h5 Rxf2+ 49. Kg3 Rb2 50. hxg6+ Kxg6 51. Nbd5 Nc5 52. Nf4+ Kf7 53. a5 Ra2 54. Nfd5 Rxa5 55. Kf4 Ra2 56. Nf5 a5 57. Nd6+ Ke6 58. Ne8 a4 59. Nexf6 Rf2+ 60. Ke3 Rxf6 61. Nxf6 a3 62. Kd4 a2 63. Kxc5 a1Q 64. Nd5 Qg1+ 65. Kb5 Qxg4 66. Kc5 Qg1+ 67. Kc6 Qd4 68. Nc7+ Ke7 69. Nd5+ Kd8 70. c5 Qa4+ 71. Kd6 Qd7+ 72. Ke5 Qc6 73. Kd4 Kd7 74. Nb4 Qb5 75. Nd5 Qa4+ 76. Kc3 Kc6 77. Nb6 Qa3+ 78. Kd2 Kxc5 79. Nd7+ Kd4 0-1